000 00531nam a2200181Ia 4500
008 090123s9999 xx 000 0 und d
082 _b39795
100 _aकरंदीकर चंद्रकांत
245 _aजेसी
250 _a1
260 _bअनघा प्रकाशन
_c2006
300 _a104
600 _aकरंदीकर चंद्रकांत
630 _aजेसी
700 _aकरंदीकर चंद्रकांत
730 _aजेसी
942 _cBOOK
999 _c77867
_d77867